Working with parents in the early years

Saved in:
Bibliographic Details
Main Author: WARD, Ute
Format: Book
Language:English
Published: Learning Matters 2013
Tags: Add Tag
No Tags, Be the first to tag this record!

MARC

LEADER 00000nam a22000007a 4500
008 201204b ||||| |||| 00| 0 eng d
020 |a 978-1-4462-6745-5 
100 |a WARD, Ute 
245 |a Working with parents in the early years  |c Ute Ward  |g xiv, 142p 
250 |b 2nd edition 
260 |b Learning Matters  |c 2013  |h London  |i 692475, 692476  |l LB1139.3.G7W21  |m Early childhood education - Great Britain, Early childhood teachers - Great Britain, Parents and child-Great Britain, Title 
500 |a It includes index 
942 |a lcc  |c BK  |e Kuteyi M.A.  |f 4/12/2020 
952 |0 0  |1 0  |2 lcc  |4 0  |7 0  |9 30  |a HOL  |b HOL  |c LP  |d 2020-12-04  |l 0  |p 692475  |r 2020-12-04 00:00:00  |w 2020-12-04  |y BK 
952 |0 0  |1 0  |2 lcc  |4 0  |7 0  |9 31  |a HOL  |b HOL  |c LP  |d 2020-12-04  |l 0  |p 692476  |r 2020-12-04 00:00:00  |w 2020-12-04  |y BK 
999 |c 12  |d 12